000 01105nam0a22002651 4500
001 v19\rc\2030338
005 20250620011710.0
035 _a(NLR Aleph) 005110289
090 _a7485926
_c7485926
100 _a20080925d1916 |||y0rusy50 ca
101 0 _arus
102 _aRU
105 _aa z |||||
200 1 _aПолный практический курс столярного дела
_eС доп. токар., резн., мозаич., выпиловоч. и мебел. работ
_eОтделка деревян. поверхностей и окрашивание в разн. цвета
_fП.В. Федоров, технолог
205 _a3-е изд.
210 _aПетроград
_aМосква
_cА.Ф. Сухов
_d1916
_eПетроград
215 _a240 с., 333 ил., черт.
_d23
225 1 _aБиблиотека ремесел и производств
700 1 _aФедоров
_bП.А.
_gПетр Акимович
801 0 _aRU
_bNLR
_gpsbo
801 0 _aRU
_bRuMoRGB
_2psbo
801 1 _aRU
_bProSoft-M
_2rusmarc
852 _aNLR
_j121/352
942 _cBOOK
980 _aNB